Liste des Pokémon ayant au moins 130 de base stat en Vitesse - Statistiques

Statistiques générales
  • Ce quiz a été pris 67 fois
  • Le résultat moyen est 20 sur 40
Statistiques - réponses
Type Principal Pokémon Vitesse % Correct
Électrik Regieleki 200
84%
Psy Deoxys 150
81%
Électrik Électrode 150
75%
Psy Deoxys Vitesse 180
72%
Psy Méga Alakazam 150
69%
Insecte Ninjask 160
69%
Insecte Cancrelove 151
63%
Spectre Méga Ectoplasma 130
63%
Psy Méga Mewtwo Y 140
63%
Psy Mewtwo 130
63%
Fée Zacian 138
63%
Fée Zacian Épée Suprême 148
63%
Psy Deoxys Attaque 150
56%
Dragon Lanssorien 142
56%
Électrik Méga Élecsprint 135
56%
Psy Méga Mewtwo X 130
56%
Combat Zamazenta 138
56%
Électrik Voltali 130
53%
Combat Koraidon 135
50%
Électrik Miraidon 135
50%
Roche Méga Ptéra 150
47%
Électrik Zeraora 143
47%
Électrik Électrode de Hisui 150
44%
Insecte Limaspeed 145
44%
Plante Méga Jungko 145
44%
Insecte Méga Dardargnan 145
41%
Roche Ptéra 130
41%
Psy Sylveroy Cavalier d'Effroi 150
41%
Électrik Tokorico 130
41%
Normal Méga Lockpin 135
38%
Ténèbres Baojian 135
34%
Eau Sachanobi 132
34%
Glace Hotte-de-Fer 136
31%
Spectre Spectreval 130
31%
Poison Éthernatos 130
28%
Spectre Flotte-Mèche 135
28%
Poison Nostenfer 130
25%
Glace Darumacho de Galar Mode Transe 135
22%
Eau Hastacuda 136
22%
Glace Bekaglaçon Tête Dégel 130
16%
Aucun quiz correspondant
Distribution des résultats
% des personnes avec chaque résultat
Percentile par nombre de réponses
Votre historique - résultats
Vous n’avez pas pris ce quiz